01016nam a2200241Ia 450000500170000000800410001702000180005804000180007604100080009408200220010210000320012424500550015625000090021126000430022030000260026365000320028965000320032165000210035394200310037499900190040595201750042495201750059920220726144219.0210716s2005 xx 000 0 und d a9788183331470 cAIMIT LIBRARY aeng a005.276 21bKOIS aKoirala, Shivprasad.953355 a.NET: binterview questions /cShivprasad Koirala a1st  aNew Delhi :bBPB Publications ,c2005. axxix, 364p. ;c23 cm. aBasic. NET framework953356 aNET interoperability953357 aThreading953358 2ddccBKe1stk005.276 KOIS c190830d190830 00102ddc40708MCAaAIMITbAIMITeHigginbothams Pvt Ltdg240.00iBill no:743; Bill dt:2010-09-17l0o005.276 KOISpMCA10338r2026-05-23 00:00:00v180.00w2021-07-16yBK 00102ddc40708MCAaAIMITbAIMITeHigginbothams Pvt Ltdg240.00iBill no:743; Bill dt:2010-09-17l0o005.276 KOISpMCA10339r2026-05-23 00:00:00v180.00w2021-07-16yBK